00408 2200157 4500001002100000008004100021035002000062245004700082100001800129260002500147300002200172020002200194084001400216082000800230990001200238INLIS000000000002891 IND  a0010-0925000238 aAyah Menyayangi Tanpa AkhircKirana Kejora aKirana Kejora aJakartabZettuc2015 a372c(14 x 21 cm) a978-620-7735-46-0 a813 KIR a a813 a0755113